000 00710nam a2200217 a 4500
999 _c3469
_d3469
001 3469
003 BD-JhCC
005 20180328181157.0
008 171113s1371 bg |||| ||a| 000 0 ben d
035 _a(BD-JhCC) 3469
040 _aBD-JhCC
_dBD-JhCC
041 _aben
082 _a923
_bABD 1371
100 _aআবদুল্লাহ, কাজী আবু মোহাম্মদ
245 _aছোটদের কেনেডী /
_c কাজী আবু মোহাম্মদ আবদুল্লাহ
260 _aঢাকা :
_bআহমদ পাবলিশিং হাউস ,
_c1371
300 _a80 p .:
_c17 cm .
650 _aBiography
942 _2ddc
_cBK